Books of the Bible by Clue - Statistics

General Stats
  • This quiz has been taken 151 times
  • The average score is 9 of 15
Answer Stats
Clues Book % Correct
Burning Bush, Plagues, Golden Calf Exodus
98%
Life of Jesus, Good Samaritan, Prodigal Son Luke
88%
Big Fish, Nineveh, Worm Jonah
84%
Genealogy, Sermon on the Mount, Beatitudes Matthew
82%
Pentecost, Church, Missionary Acts
77%
Songs, Shortest Chapter, Selah Psalms
74%
Hannah, First King, David 1 Samuel
67%
Hadassah, Persia, Xerxes Esther
60%
Prophet, Visions, Dry Bones Ezekiel
54%
"I can do all things", "Rejoice!", Epistle Philippians
53%
Wilderness, Spies, Balaam Numbers
49%
Chariot of Fire, Elisha, Hezekiah 2 Kings
47%
Cupbearer, Wall, Sanballat Nehemiah
38%
Prophet, Baruch, Potter and Clay Jeremiah
36%
Othniel, Ehud, Shamgar Judges
31%
No matching quizzes found
Score Distribution
Percent of People with Each Score
Percentile by Number Answered
Your Score History
You have not taken this quiz